Que se levanten los muertos / (Registro nro. 10762)

Detalles MARC
000 -LIDER
fixed length control field 00952nam a22003257a 4500
001 - NÚMERO DE CONTROL
Identificador de número de control 000375
003 - IDENTIFICACDOR DE NÚMERO DE CONTROL
control field DO-SdBNP
005 - DATE AND TIME OF LATEST TRANSACTION
control field 20221101121244.0
007 - CAMPOS FIJOS DE DESCRIPCIÓN FÍSICA
fixed length control field 000375
008 - ELEMENTOS DE LONGITUD FIJA
fixed length control field 160707b 2009 sp |||| 00| 0 spa d
020 ## - ISBN
International Standard Book Number 9788466321396
040 ## - FUENTE DE CATALOGACIÓN
Agencia que crea de manera original el registro BPMSU
Idioma de catalogación spa
Agencia que realiza la transcripción BPMSU
082 #4 - NÚMERO DE CLASIFICACIÓN DECIMAL DE DEWEY
Classification number 843.91
Item number V297q 2009
Edition number 22
100 1# - ASIENTO PRINCIPAL -- NOMBRE PERSONAL
Nombre personal Vargas, Fred,
Fechas asociadas con el nombre 1957-
240 ## - TITULO UNIFORME
Idioma de una obra
245 10 - MENCIÓN DE TITULO
Título Que se levanten los muertos /
Mención de responsabilidad Fred Vargas ; traducción, Helena del Amo.
250 ## - MENCIÓN DE EDICION
Mención de edición 2a ed.
260 ## - PUBLICACIÓN, DISTRIBUCIÓN, ETC. (PIE DE IMPRENTA)
Lugar de publicación, distribución, etc Madrid :
Nombre del editor, distribuidor, etc. Punto de Lectura,
Fecha de publicación, distribución, etc 2008.
300 ## - DESCRIPCIÓN FÍSICA
Extensión 311 p. ;
Dimensiones 19 cm.
490 0# - MENCIÓN DE SERIES
Mención de serie Punto de lectura
Volume/sequential designation 257/5
534 ## - NOTA SOBRE LA VERSIÓN ORIGINAL
Asiento principal del original Títutlo original :
Mención del título original Debout les morts.
Ubicación del original Debout les morts.
590 ## - NOTA LOCAL
Enlace Invetariado, 2022/VM
650 #4 - ENCABEZAMIENTO DE MATERIA--TEMÁTICO
Término temático o nombre geográfico como elemento de entrada Novela francesa.
650 #4 - ENCABEZAMIENTO DE MATERIA--TEMÁTICO
Término temático o nombre geográfico como elemento de entrada Novela policíaca.
700 12 - ASIENTO SECUNDARIO -- NOMBRE PERSONAL
Nombre personal Amo, Helena del,
Mención de responsabilidad tr.
910 ## - VALIDACIÓN
Validación LOPEREZ/ VMateo V./Validado
942 ## - ADDED ENTRY ELEMENTS (KOHA)
Source of classification or shelving scheme Dewey Decimal Classification
Koha item type Libros
945 ## - INFORMACIÓN DE PROCESAMIENTO LOCAL
Información de procesamiento local
956 ## - LOCAL ELECTRONIC LOCATION AND ACCESS (OCLC)
Método de acceso LOPEREZ
Materiales especificados 10
Enlace 20160707
Campo enlazado y núm. de secuencia BPMSU
Nombre de host 00041
Existencias
Withdrawn status Lost status Source of classification or shelving scheme Damaged status Not for loan Collection code Home library Current library Date acquired Source of acquisition Full call number Barcode Date last seen Price effective from Koha item type Copy number
    Dewey Decimal Classification     Colección Juvenil General Biblioteca Pública Metropolitana Salomé Ureña Biblioteca Pública Metropolitana Salomé Ureña 07/07/2016 ALFAGUARA BPMSU CG 843.91 V297q 2009 BPMSU16070230 07/07/2016 07/07/2016 Libros  
    Dewey Decimal Classification     Colección Juvenil General Biblioteca Pública Metropolitana Salomé Ureña Biblioteca Pública Metropolitana Salomé Ureña 02/01/2018 ALFAGUARA BPMSU CG 843.91 V297q 2009 BPMSU18020012 02/01/2018 02/01/2018 Libros e.2
    Dewey Decimal Classification     Colección Juvenil General Biblioteca Pública Metropolitana Salomé Ureña Biblioteca Pública Metropolitana Salomé Ureña 02/01/2018 ALFAGUARA BPMSU CG 843.91 V297q 2009 BPMSU18020013 02/01/2018 02/01/2018 Libros e.3